Estabilidad de precios, reactivación económica y exportaciones (Registro nro. 17890)

Detalles MARC
000 -LEADER
fixed length control field 00355 a2200109 4500
001 - CONTROL NUMBER
control field ART_10359
005 - DATE AND TIME OF LATEST TRANSACTION
control field 20260410161731.0
008 - FIXED-LENGTH DATA ELEMENTS--GENERAL INFORMATION
fixed length control field 260409a
100 1# - MAIN ENTRY--PERSONAL NAME
Personal name Brodersohn, Mario S.
245 10 - TITLE STATEMENT
Title Estabilidad de precios, reactivación económica y exportaciones
773 0# - HOST ITEM ENTRY
Title Ejecutivos de finanzas
Related parts - Año 3, Nº 21 (sep. 1985)
Record control number REV2863

No hay ítems disponibles.